000 00663nam a22002297a 4500
003 OSt
005 20220107122743.0
008 140522b xxu||||| |||| 00| 0 eng d
020 _a9788126535095
040 _cIIITM-K
082 _a005.268 WAG/B
100 _aWagner, Richard
_94837
245 _aBeginning iOS5 application development:
_cby Richard Wagner
_bWith HTML and Javascript
260 _aNew Delhi,
_bWiley,
_c2012.
300 _axxvii, 400p.
650 _aCOMPUTER SCIENCE
_94838
650 _aCLOUD COMPUTING
_94839
650 _aCLOUD PROGRAMMING
_94840
650 _aWEB DEVELOPMENT
_94841
650 _aIOS APPLICATION
_94846
942 _2ddc
_cBK
999 _c4055
_d4055